Red Hot Chili Peppers - Otherside Lyrics - Statistics

General Stats
  • This quiz has been taken 337 times
  • The average score is 215 of 296
Answer Stats
Hint Answer % Correct
I
99%
s**t
99%
side
95%
Chorus How
94%
how
94%
(How
94%
don't
93%
it
93%
long
93%
long)
93%
a
92%
A
92%
my
92%
it's
89%
It's
89%
believe
88%
will
88%
other
86%
slide
86%
the
84%
The
84%
all
82%
on
82%
ever
81%
take
78%
Take
78%
Separate
75%
bad
71%
go
71%
throat
71%
you
70%
Slit
69%
to
69%
got
65%
photograph
63%
me
62%
gotta
61%
know
61%
and
60%
in
60%
can
59%
never
57%
back
56%
your
56%
heard
54%
through
52%
She
50%
past
49%
up
48%
voice
48%
still
46%
mind
44%
where
44%
am
43%
Once
43%
paper
43%
sea
43%
bed
42%
for
42%
marry
42%
then
42%
brought
41%
change
40%
I'm
40%
life
40%
thought
40%
wanna
40%
meant
38%
cup
37%
into
36%
I've
36%
stranger
36%
what
36%
had
35%
she's
35%
ride
32%
that
32%
thing
32%
could
31%
guts
31%
spilling
31%
centuries
29%
Verse 2 Pour
29%
trigger
29%
pull
28%
are
27%
Verse 3 Turn
27%
down
26%
not
26%
scarlet
26%
again
25%
cemetary
25%
hard
25%
tell
25%
full
24%
candidate
23%
starlet
23%
ashtray's
22%
bled
22%
out
22%
Push
22%
leave
20%
tear
20%
born
19%
friend
19%
soulmate
19%
thread
19%
Burn
18%
Well
18%
yell
17%
No matching quizzes found
Score Distribution
Percent of People with Each Score
Percentile by Number Answered
Your Score History
You have not taken this quiz